El triángulo de la transición : (Record no. 193182)

MARC details
000 -LEADER
campo de control de longitud fija 03468nam a2200469 i 4500
001 - NÚMERO DE CONTROL
campo de control 193182
003 - IDENTIFICADOR DE NÚMERO DE CONTROL
campo de control SpMaBN
005 - FECHA Y HORA DE LA ÚLTIMA TRANSACCIÓN
campo de control 20240827063034.0
007 - CAMPO FIJO DE DESCRIPCIÓN FÍSICA--INFORMACIÓN GENERAL
campo de control de longitud fija ta
008 - DATOS DE LONGITUD FIJA--INFORMACIÓN GENERAL
campo de control de longitud fija 230930s2017 sp a | |||| 001 0dspa
017 ## - NÚMERO DE COPYRIGHT O DE DEPÓSITO LEGAL
Número de copyright o de depósito legal B 17254-2013
Agencia que asigna Oficina Depósito Legal Barcelona
020 ## - NÚMERO INTERNACIONAL ESTÁNDAR DEL LIBRO
Número Internacional Estándar del Libro 9788408118794
035 ## - NÚMERO DE CONTROL DEL SISTEMA
Número de control de sistema (OCoLC)860754513
035 ## - NÚMERO DE CONTROL DEL SISTEMA
Número de control de sistema a5405588
040 ## - FUENTE DE CATALOGACIÓN
Centro catalogador/agencia de origen SpMaBN
Lengua de catalogación spa
Centro/agencia transcriptor SpMaBN
Normas de descripción rdc
Centro/agencia modificador Es-MaACL
080 ## - NÚMERO DE LA CLASIFICACIÓN DECIMAL UNIVERSAL
Número de la Clasificación Decimal Universal 929 Díez de Rivera, Carmen
080 ## - NÚMERO DE LA CLASIFICACIÓN DECIMAL UNIVERSAL
Número de la Clasificación Decimal Universal 929 Juan Carlos (460) I
080 ## - NÚMERO DE LA CLASIFICACIÓN DECIMAL UNIVERSAL
Número de la Clasificación Decimal Universal 929 Suárez González, Adolfo
080 ## - NÚMERO DE LA CLASIFICACIÓN DECIMAL UNIVERSAL
Número de la Clasificación Decimal Universal 94(460)"1975/82"
100 1# - ENTRADA PRINCIPAL--NOMBRE DE PERSONA
Nombre de persona Romero, Ana,
Fechas asociadas al nombre 1966-
Número de control del registro de autoridad o número normalizado XX831812
Término indicativo de función/relación Autor
9 (RLIN) 234261
245 13 - MENCIÓN DEL TÍTULO
Título El triángulo de la transición :
Resto del título Carmen, Suárez y el Rey /
Mención de responsabilidad, etc. Ana Romero
250 ## - MENCION DE EDICION
Mención de edición Primera edición, tercera impresión: marzo de 2017
260 ## - PUBLICACIÓN, DISTRIBUCIÓN, ETC.
Lugar de publicación, distribución, etc. Barcelona :
Nombre del editor, distribuidor, etc. Planeta,
Fecha de publicación, distribución, etc. 2017
300 ## - DESCRIPCIÓN FÍSICA
Extensión 320 páginas, [24] páginas de láminas (color y negro) ;
Dimensiones 24 cm
336 ## - TIPO DE CONTENIDO
Término de tipo de contenido Texto (visual)
Fuente isbdcontent
337 ## - TIPO DE MEDIO
Nombre/término del tipo de medio sin mediación
Fuente isbdmedia
338 ## - TIPO DE SOPORTE
Fuente rdacarrier
Nombre/término del tipo de soporte volumen
500 ## - NOTA GENERAL
Nota general Índice alfabético
505 ## - NOTA DE CONTENIDO CON FORMATO
Nota de contenido con formato Bibliografía: páginas [303]-305
520 ## - RESUMEN, ETC.
Sumario, etc. En 1999, la periodista Ana Romero entrevistó a Carmen Díez de Rivera, una eurodiputada del PSOE rodeada de un halo de misterio. Carmen, conocida como la Musa de la Transición, quiso contar su historia antes de morir de cáncer, ese mismo año, a los 57 años.<br/><br/>Catorce años después, Planeta reedita las memorias de esta hermosa mujer, una mente política avanzada con visión premonitoria: «La política no puede ser una profesión permanente o una renta vitalicia. Creo que hay que estar siempre en transición. Desgraciadamente, la clase política y la periodística en España están convencidas de que ya lo hicieron. Se equivocan».<br/><br/>Amiga personal del Rey Juan Carlos desde que éste era príncipe de España, fue la mano derecha de Adolfo Suárez como su jefa de gabinete en el segundo gobierno de la monarquía. El triángulo formado por Carmen, Suárez y el Rey empezó a construirse en 1969 y se cimentó durante los diez meses del último ejecutivo predemocrático de España, entre el 13 de julio de 1976 y el 13 de mayo de 1977. Luego se desmontó.<br/><br/>Las maledicencias de la época la persiguieron de por vida. Por su estrecha relación con Suárez y con el Rey, dos jóvenes apuestos y amantes ambos de las mujeres. También por su desgarradora historia personal: hija ilegítima de Ramón Serrano Suñer y de la marquesa de Llanzol, a los 17 años se enamoró de su hermano sin conocer su parentesco y quiso casarse con él. A partir de ahí dedicó su existencia a buscar una felicidad que se le resistía: monja de clausura, misionera en África, agnóstica, roja peligrosa, pija resentida, profundamente religiosa, incomprendida.
600 14 - PUNTO DE ACCESO ADICIONAL DE MATERIA--NOMBRE DE PERSONA
Nombre de persona Díez de Rivera, Carmen,
Fechas asociadas al nombre 1942-1999
Fuente del encabezamiento o término embne
9 (RLIN) 234277
600 14 - PUNTO DE ACCESO ADICIONAL DE MATERIA--NOMBRE DE PERSONA
Nombre de persona Suárez, Adolfo,
Fechas asociadas al nombre 1932-2014
9 (RLIN) 164828
600 04 - PUNTO DE ACCESO ADICIONAL DE MATERIA--NOMBRE DE PERSONA
Nombre de persona Juan Carlos
Numeración I,
Títulos y otros términos asociados al nombre Rey de España
9 (RLIN) 67108
651 #7 - PUNTO DE ACCESO ADICIONAL DE MATERIA--NOMBRE GEOGRÁFICO
Nombre geográfico España-
Subdivisión general Historia-
Subdivisión cronológica 1975-1982, Transición
9 (RLIN) 149272
852 ## - LOCALIZACIÓN
Ubicación Es-MaACL
itemnumber 200558
Sublocalización o colección R.154587
Número de control de estantería N-9346
Ubicación en estantería Depósito J
Encuadernación Encuadernación cartoné con sobrecubiertas (incluye faja)
Donativo/Legado Donación: Ana Romero
903 ## - NOMBRE PERSONAL DE DONANTE
a Romero, Ana,
d 1966-
e Donante
9 234261
942 ## - ELEMENTOS DE ENTRADA SECUNDARIOS (KOHA)
Suprimir en OPAC No
Tipo de ítem Koha Libro impreso
Holdings
Estatus retirado Estado de pérdida Fuente del sistema de clasificación o colocación Especificación de materiales (volumen encuadernado u otra parte) Estado de daño No para préstamo Biblioteca de origen Biblioteca actual Ubicación en estantería Fecha de adquisición Fuente de adquisición Número de control de estantería Total de préstamos Signatura topográfica completa Código de barras Visto por última vez Tipo de ítem Koha
    Clasificación decimal universal Enc. cartoné     Biblioteca del Ateneo de Madrid Biblioteca del Ateneo de Madrid Depósito J 30/09/2023 Donación Ateneísta   N-9346 101205853 30/09/2023 Libro impreso